000
00227 a2200109 4500
020
_a
9780071477246
041
_a
eng
100
_a
Fred A.STutman
245
_a
100 Weight loss tips that really work
942
_c
BK
952
_7
4
999
_c
22288
_d
22288